UBT Library

Dictionary of philosophy and religion : (Record no. 39023)

000 -LEADER
fixed length control field 00814cam a2200253 a 4500
001 - CONTROL NUMBER
control field 674020
005 - DATE AND TIME OF LATEST TRANSACTION
control field 20171215080514.0
008 - FIXED-LENGTH DATA ELEMENTS--GENERAL INFORMATION
fixed length control field 951211s1996 njua bd 000 0 eng
010 ## - LIBRARY OF CONGRESS CONTROL NUMBER
LC control number 95052148
020 ## - INTERNATIONAL STANDARD BOOK NUMBER
International Standard Book Number 0391038648
020 ## - INTERNATIONAL STANDARD BOOK NUMBER
International Standard Book Number 0391038656 (pbk.)
040 ## - CATALOGING SOURCE
Original cataloging agency DLC
Transcribing agency DLC
Modifying agency DLC
041 ## - LANGUAGE CODE
Language code of text/sound track or separate title eng
080 ## - UNIVERSAL DECIMAL CLASSIFICATION NUMBER
Universal Decimal Classification number 103 RES
082 00 - DEWEY DECIMAL CLASSIFICATION NUMBER
Classification number 103 RES
Edition number 20
100 1# - Rafti
Rafti 21
101 ## - Shkurtesa
Shkurtesa FIL
245 10 - TITLE STATEMENT
Title Dictionary of philosophy and religion :
Statement of responsibility, etc William L. Reese.
246 30 - VARYING FORM OF TITLE
Title proper/short title Philosophy and religion
504 ## - BIBLIOGRAPHY, ETC. NOTE
Bibliography, etc Includes bibliographical references.
906 ## - LOCAL DATA ELEMENT F, LDF (RLIN)
a 7
b cbc
c orignew
d 1
e ocip
f 19
g y-gencatlg
942 ## - ADDED ENTRY ELEMENTS (KOHA)
Source of classification or shelving scheme
Item type Books
Holdings
Withdrawn status Lost status Source of classification or shelving scheme Damaged status Not for loan Permanent location Current location Date acquired Total Checkouts Full call number Barcode Date last seen Price effective from Koha item type
          UBT - Lipjan UBT - Lipjan 12/15/2017   103 RES 002-2939107 12/15/2017 12/15/2017 Books
UBT Library © 2015-2024. All rights reserved University Education for Business and Technology